000
00204nam a2200097Ia 4500
008
170619s9999 xx 000 0 und d
100
_a
Singh M D
245
0
_a
POWER ELECTRONICS
260
_b
TMH
260
_c
2010
546
_a
ENGLISH
999
_c
19322
_d
19322